000 01135nam a2200181Ia 4500
008 151202s9999||||xx |||||||||||||| ||und||
082 _bPNVM-76162
100 _aकलाम अब्दुल/अनु.अंबिके मनोज.
245 _aअसे घडवा तुमचे भविष्य-विचारांना नवी दिशादेणारं प्रेरणादायीपुस्तक.
260 _b"मिरर पब्लिशिंग,पुणे."
260 _c2015
300 _a216
600 _aकलाम अब्दुल/अनु.अंबिके मनोज.
630 _aअसे घडवा तुमचे भविष्य-विचारांना नवी दिशादेणारं प्रेरणादायीपुस्तक.
700 _aकलाम अब्दुल/अनु.अंबिके मनोज.
730 _aअसे घडवा तुमचे भविष्य-विचारांना नवी दिशादेणारं प्रेरणादायीपुस्तक.
942 _cBOOK
999 _c1342821
_d1342818